00350cam a22000977a 4500008004000000082001700040245009600057260005000153300000800203700004100211180718b1967 xxu||||| |||| 00| 0 eng d aR5x42 Un3t/2 aCentral training council: second report to the ministercby Her Majesty's Stationery Office aLondonbHer Majesty's Stationery Officec1967 a35p aU.K. Her Majesty's Stationery Office